| 000 | 00000nam 2200000za 4500 |
| 001 | 9.846956 |
| 003 | CaOODSP |
| 005 | 20241203113640 |
| 007 | cr ||||||||||| |
| 008 | 171109s1984 onca|||fo f000 0 eng d |
| 040 | |aCaOODSP|beng |
| 043 | |an-cn--- |
| 086 | 1 |aEn13-5/85-42E-PDF |
| 100 | 1 |aAspila, K. I. |
| 245 | 10|aLRTAP intercomparison study L-5 |h[electronic resource] : |bmajor ions, nutrients and physical properties in water / |cby K.I. Aspila and S. Todd. |
| 260 | |a[Burlington, Ont.] : |bQuality Assurance and Methods Section, Analytical Methods Division, National Water Research Institute,|c1984. |
| 300 | |a1 v. (various pagings) : |bill. |
| 490 | 1 |aNWRI contribution ; |v85-42 |
| 500 | |a"July 1984". |
| 500 | |aDigitized edition from print [produced by Environment and Climate Change Canada]. |
| 504 | |aIncludes bibliographical references. |
| 520 | |a"The Canadian LRTAP program (long range transport of atmospheric pollutants) involves many different laboratories who individually produce data for regional or national objectives. If these data are to be merged or if they are to be used to establish long-term trends it is imperative that the data be verified as comparable between laboratories and that laboratories have produced data. in controlled and unbiased manner. This report describes a fifth interlaboratory study that addresses these issues. This study consisted of l0 water samples and was distributed to 54 laboratories who were requested to analyze for 12 different constituents,"--Exec. summary, p. i. |
| 692 | 07|2gccst|aWater quaity |
| 700 | 1 |aTodd, S. |
| 710 | 1 |aCanada. |bEnvironment Canada. |
| 710 | 2 |aNational Water Research Institute (Canada) |
| 830 | #0|aNWRI contribution ;|vno. 85-42|w(CaOODSP)9.844121 |
| 856 | 40|qPDF|s11.55 MB|uhttps://publications.gc.ca/collections/collection_2017/eccc/En13-5-85-42-eng.pdf |